Animal physiology / (Record no. 3863)

MARC details
000 -LEADER
fixed length control field 00499nam a22001937a 4500
003 - CONTROL NUMBER IDENTIFIER
control field OSt
005 - DATE AND TIME OF LATEST TRANSACTION
control field 20160503173749.0
008 - FIXED-LENGTH DATA ELEMENTS--GENERAL INFORMATION
fixed length control field 160503b xxu||||| |||| 00| 0 eng d
020 ## - INTERNATIONAL STANDARD BOOK NUMBER
International Standard Book Number 0340531878
040 ## - CATALOGING SOURCE
Transcribing agency 040a
082 ## - DEWEY DECIMAL CLASSIFICATION NUMBER
Classification number 571.1
Item number ANI 1999
245 ## - TITLE STATEMENT
Title Animal physiology /
Statement of responsibility, etc. Micheal Stewart
260 ## - PUBLICATION, DISTRIBUTION, ETC. (IMPRINT)
Place of publication, distribution, etc. London
Name of publisher, distributor, etc. The open university
Date of publication, distribution, etc. 1999
300 ## - PHYSICAL DESCRIPTION
Extent 486p;
Other physical details col.ill
Dimensions 14 cm
504 ## - BIBLIOGRAPHY, ETC. NOTE
Bibliography, etc Includes index
650 ## - SUBJECT ADDED ENTRY--TOPICAL TERM
Topical term or geographic name as entry element animals
9 (RLIN) 8469
700 ## - ADDED ENTRY--PERSONAL NAME
Personal name Stewart, Micheal
9 (RLIN) 8470
942 ## - ADDED ENTRY ELEMENTS (KOHA)
Source of classification or shelving scheme Dewey Decimal Classification
Koha item type Short Loan
Holdings
Withdrawn status Lost status Source of classification or shelving scheme Damaged status Not for loan Home library Current library Date acquired Source of acquisition Inventory number Total Checkouts Full call number Barcode Date last seen Price effective from Koha item type
    Dewey Decimal Classification     MUST Main Library MUST Main Library 03/05/2016   2002/16915   571.1 ANI 1999 2016-1564 03/05/2016 03/05/2016 Short Loan
    Dewey Decimal Classification     MUST Main Library MUST Main Library 13/05/2016   02/16916   571.1 ANI 1999 2016-1919 13/05/2016 13/05/2016 Short Loan
    Dewey Decimal Classification     MUST Main Library MUST Main Library 13/05/2016   02/16917   571.1 ANI 1999 2016-1920 13/05/2016 13/05/2016 Short Loan
    Dewey Decimal Classification     MUST Main Library MUST Main Library 13/05/2016   02/16918   571.1 ANI 1999 2016-1921 13/05/2016 13/05/2016 Short Loan